Priemysel 4.0 a jeho implikácie pre priemyselnú politiku EÚ
Spracovateľský priemysel EÚ – vývojové tendencie na začiatku 3. tisícročia. Súčasné výzvy pre formovanie priemyselnej politiky EÚ.
Salvato in:
| Autore principale: | |
|---|---|
| Altri autori: | |
| Natura: | Capitolo di libro |
| Lingua: | slovacco |
| Soggetti: | |
| Tags: |
Nessun Tag, puoi essere il primo ad aggiungerne!!
|
MARC
| LEADER | 00000nla a2200000 4500 | ||
|---|---|---|---|
| 001 | 0237000 | ||
| 005 | 20220803163154.0 | ||
| 041 | 0 | |a slo | |
| 044 | |a SK | ||
| 245 | 1 | 0 | |a Priemysel 4.0 a jeho implikácie pre priemyselnú politiku EÚ |c Elena Fifeková, Edita Nemcová |
| 520 | |a Spracovateľský priemysel EÚ – vývojové tendencie na začiatku 3. tisícročia. Súčasné výzvy pre formovanie priemyselnej politiky EÚ. | ||
| 610 | 2 | 0 | |a priemysel spracovateľský |
| 610 | 2 | 0 | |a priemysel 4.0 |
| 610 | 2 | 0 | |a konkurencieschopnosť |
| 610 | 2 | 0 | |a politika priemyselná |
| 610 | 2 | 0 | |a Slovensko |
| 610 | 2 | 0 | |a Európska únia |
| 100 | 1 | |a Fifeková, Elena | |
| 700 | 1 | |a Nemcová, Edita | |